States of Germany With a Borderless Map - Statistics

General Stats
  • This quiz has been taken 352 times
  • The average score is 14 of 16
Answers on the Map
Answers color-coded by a green-red scale on the quiz's map according to % correct below.
 
Answer Stats
State % Correct
Bavaria
91%
Berlin
91%
Saxony
90%
Bremen
89%
Hamburg
89%
Brandenburg
87%
Hesse
87%
Lower Saxony
86%
North Rhine-Westphalia
86%
Baden-Württemberg
85%
Saxony-Anhalt
85%
Mecklenburg-Vorpommern
84%
Rhineland-Palatinate
84%
Saarland
84%
Thuringia
84%
Schleswig-Holstein
82%
No matching quizzes found
Score Distribution
Percent of People with Each Score
Percentile by Number Answered
Your Score History
You have not taken this quiz